First 100 Digits of Euler's Number - Statistics

General Stats
  • This quiz has been taken 13 times
  • The average score is 63 of 100
Answer Stats
Answer % Correct
2
100%
2
100%
7
100%
8
100%
1
90%
2
90%
4
90%
5
90%
8
90%
8
90%
8
90%
0
80%
1
80%
9
80%
0
70%
0
70%
2
70%
2
70%
2
70%
2
70%
2
70%
3
70%
3
70%
3
70%
3
70%
4
70%
4
70%
4
70%
4
70%
5
70%
5
70%
5
70%
5
70%
5
70%
5
70%
6
70%
6
70%
6
70%
6
70%
7
70%
7
70%
7
70%
7
70%
7
70%
7
70%
8
70%
9
70%
9
70%
9
70%
9
70%
9
70%
9
70%
1
60%
2
60%
4
60%
6
60%
6
60%
6
60%
7
60%
7
60%
9
60%
9
60%
0
50%
0
50%
2
50%
2
50%
3
50%
3
50%
3
50%
4
50%
4
50%
4
50%
5
50%
5
50%
5
50%
5
50%
6
50%
6
50%
6
50%
7
50%
7
50%
7
50%
7
50%
7
50%
8
50%
9
50%
1
40%
2
40%
2
40%
3
40%
4
40%
5
40%
5
40%
6
40%
6
40%
7
40%
7
40%
8
40%
1
30%
1
30%
No matching quizzes found
Score Distribution
Percent of People with Each Score
Percentile by Number Answered
Your Score History
You have not taken this quiz